000 00961nam0a2200289 4500
001 RU\NLR\bibl\1319116
005 20250615160414.0
010 _a978-5-91282-005-2
_95000
021 _aRU
_b2008-93543
_95484
035 _a(NLR Aleph) 001304479
090 _a640153
_c640153
100 _a20090122d2008 |||y0rusy50 ca
101 0 _arus
102 _aRU
105 _aa |||||||||
200 1 _aКнижка малышам
_e[для чтения взрослыми детям
_fавт. Л.И. Галовачева]
210 _a[Ростов-на-Дону]
_cЛеда
_d2008
215 _a[8] с.
_cцв. ил.
_d22
225 1 _aСолнышко
_eв 180 тт.
_vТ. 83
225 1 _aСерия "Для самых маленьких"
300 _aАвт. указан в вып. дан.
700 1 _aГаловачева
_bЛ. И.
_4070
801 0 _aRU
_bNLR
_c20090122
_gRCR
801 1 _aRU
_bNLR
_c20090122
942 _cBOOK
980 _aNB